Implementing internal quality improvement with the house of quality.

Systém rozvinutia funkcie akosti podniku (QFD) uplatňuje pri zlepšovaní interných procesov podniku ako nástroj tzv. Dom akosti (HOQ) zabezpečujúci implementáciu programov akosti dodávateľmi a príjemcami výrobkov a činností vnútri organizácie. Schémy toku výroby sú podkladom pre zistenie styčných bod...

Ausführliche Beschreibung

Gespeichert in:
Bibliographische Detailangaben
1. Verfasser: Gopalakrishnan, K.N
Weitere Verfasser: Mac Intyre, B.E, Sprague, J.C
Format: Buchkapitel
Sprache:Englisch
Schlagworte:
Tags: Tag hinzufügen
Keine Tags, Fügen Sie das erste Tag hinzu!

MARC

LEADER 00000naa a2200000 4500
001 r011245
005 20220913122542.1
041 0 |a eng 
044 |a US 
245 1 0 |a Implementing internal quality improvement with the house of quality.  |c K.N. Gopalakrishnan, B.E. Mac Intyre, J.C. Sprague 
520 |a Systém rozvinutia funkcie akosti podniku (QFD) uplatňuje pri zlepšovaní interných procesov podniku ako nástroj tzv. Dom akosti (HOQ) zabezpečujúci implementáciu programov akosti dodávateľmi a príjemcami výrobkov a činností vnútri organizácie. Schémy toku výroby sú podkladom pre zistenie styčných bodov a zodpovednosti medzi dodávateľmi a príjemcami v rámci etáp interného výrobného procesu. Stanovenie charakteristiky výrobku, ohodnotenie výrobku v jednotlivých fázach, ohodnotenie výsledku dosiahnutého dodávateľom. 
610 2 0 |a kontrola kvality 
610 2 0 |a kvalita výrobkov 
610 2 0 |a podnik 
610 2 0 |a riadenie kvality 
610 2 0 |a proces výrobný 
610 2 0 |a výrobky 
610 2 0 |a tok výroby 
100 1 |a Gopalakrishnan, K.N. 
700 1 |a Mac Intyre, B.E. 
700 1 |a Sprague, J.C.